| 000 | 01845cam a2200433 a 4500 | ||
|---|---|---|---|
| 999 |
_c64143 _d64143 |
||
| 001 | 2352048 | ||
| 003 | CO-MdFUSB | ||
| 005 | 20190202100354.0 | ||
| 008 | 830328t1983 inu g b 000 0 eng | ||
| 010 | _a 83047521 | ||
| 020 |
_a0268009104 : _c$16.95 |
||
| 040 |
_aDLC _cCO-MdFUSB _dCO-MdFUSB _dCO-MdFUSB _dDLC _bspa _erda |
||
| 041 | _aeng | ||
| 082 | 0 | 0 |
_224 _aG 212 _bEX96e |
| 242 | 0 | 3 |
_aLa existencia y la naturaleza de Dios _lInglés |
| 245 | 0 | 4 |
_aThe Existence and nature of God _c/ editado con introducción por Alfred J. Freddoso _b: |
| 264 | 1 |
_aNotre Dame, Ind. : _bUniversity of Notre Dame Press, _c℗1983 |
|
| 264 | 4 | _c©1983 | |
| 300 |
_aviii, 190 páginas ; _c23 cm. _b: |
||
| 336 |
_2rdacontent _atexto _btxt |
||
| 337 |
_2rdamedia _asin mediación _bn |
||
| 338 |
_2rdacarrier _avolumen _bnc |
||
| 440 | 0 | _vno. 3 | |
| 490 | _aUniversity of Notre Dame Studies in the philosophy of religion | ||
| 505 | _aIntroducción / Alfred J. Freddoso -- El poder excesivo y la responsabilidad de Dios por el pecado / Nelson Pike -- Una Teodicea del Cielo y el Infierno / Richard Swinburne -- La conservación divina, la creación continua y la acción humana / Philip L. Quinn -- El poder máximo / Thomas P. Flint y Alfred J. Freddoso -- Creación II / James F. Ross -- Meditación Descartes V Prueba de la existencia de Dios / Clement Dore -- Los nombres de Dios y el ser de los nombres / Mark D. Jordan | ||
| 650 | 7 |
_aDios _2 _9178 |
|
| 700 | 1 | _aFreddoso, Alfred J. | |
| 720 | _aDore, Clement | ||
| 720 | _aFlint, Thomas P. | ||
| 720 | _aJordan, Mark D. | ||
| 720 | _aPike, Nelson | ||
| 720 | _aQuinn, Philip L. | ||
| 720 | _aRoss, James F. | ||
| 720 | _aSwinburne, Richard | ||
| 906 |
_a7 _bcbc _corignew _d1 _eocip _f19 _gy-gencatlg |
||
| 942 | _cBK | ||